| 000 | 00524nam a2200145Ia 4500 | ||
|---|---|---|---|
| 008 | 220216s9999 xx 000 0 und d | ||
| 100 | _aAcharya Sujit | ||
| 245 | 0 | _aRPSs as change agents of soci-economic status of remote villages: Case study of Jalebasa RPS, Tripura, India | |
| 260 | _bPLACROSYM XXI. International Symposium on Plantation Crops, 10-12 December 2014, Kozhikode, India, pp. 220. Abstracts. | ||
| 650 | _aRPS | ||
| 650 | _aTripura | ||
| 700 | _aMajumdar A | ||
| 700 | _aNath Sudhan Chandra | ||
| 942 | _cJS | ||
| 999 |
_c67290 _d67290 |
||